000 00737nam a2200241Ia 4500
003 OSt
005 20220925235506.0
006 a|||||r|||| 00| 0
007 ta
008 220923b |||||||| |||| 00| 0 eng d
020 _a9788184502909
_c1870
037 _b11, 19/08/2010, Kamana Book Distributers
_cGeneral Book
040 _aRTL
_cRTL
_beng
041 _2eng
_aeng
082 _aX5:8y7, Q0/TD
100 _aBHATIA S K
245 0 _aCase studies in business management
260 _a New Delhi
_bDeep & Deep Publication
_c2010
300 _axxii, 405p
_ccm.
650 _aCommerce
942 _hX5:8y7, Q0/TD
_cGB
_2CC
999 _c597391
_d597391